00923nam a2200193 i 450000100060000000300090000600500170001500700030003200800410003510000630007624501570013926000910029630000400038770000370042774000360046485200870050099900170058795201250060425236ES-MaACL20250628063303.0t|021223s1853 sp ||||1| spa d1 aArlincourt, Charles-Victor Prévost d',d1789-185692289710aCarlos el temerario b: o El solitario del monte salvaje / cpor el vizconde de Arlincourt ; traducido de la última edición por J. Alegret de Mesa. aMadrid : bPublicación de Cabello Hermanos y Vicente, c1853 (fImpr. de A. Vicente) a246 p., [6] h. de lám. ; c22 cm.1 aAlegret de Mesa, José.91256003 aEl solitario del monte salvaje. aES-MaACLjD-4082(1) q. - Encuadernado con otras obras z.- Legado M. de la Fuente c25236d25236 001040708LIBXIXaATENEOMbATENEOMcSVId2008-01-17eSCl0oD-4082p901026017r2023-02-23 00:00:00w2023-02-23yMONANT